00225nam a2200097Ia 4500008004100000100000900041245004400050260000900094942000700103999001700110190216s9999||||xx |||||||||||||| ||und|| aNull 0aHindi-Girija Kumar Mayoor Aur Unka Harz bNull cBK c17420d17420